header

Accommodating revolutions (Record no. 130673)

MARC details
000 -LEADER
fixed length control field 02284nam a2200457 a 4500
082 04 - DEWEY DECIMAL CLASSIFICATION NUMBER
Classification number 975.5/2
100 1# - MAIN ENTRY--AUTHOR NAME
Personal name Tillson, Albert H.,
245 10 - TITLE STATEMENT
Title Accommodating revolutions
260 ## - PUBLICATION, DISTRIBUTION, ETC. (IMPRINT)
Place of publication Charlottesville :
Name of publisher University of Virginia Press,
Year of publication 2010.
300 ## - PHYSICAL DESCRIPTION
Number of Pages viii, 423 p. :
Other physical details map.
505 0# - FORMATTED CONTENTS NOTE
Formatted contents note A troubled gentry -- Beyond the plantations -- The world(s) Northern Neck slavery made -- The Scottish merchants -- Controlling the Revolution -- The evangelical challenge -- The preservation of hegemony.
650 #0 - SUBJECT ADDED ENTRY--TOPICAL TERM
Topical Term Gentry
Topical Term African Americans
Topical Term Merchants
Topical Term Slavery
Topical Term Social classes
856 40 - ELECTRONIC LOCATION AND ACCESS
Uniform Resource Identifier http://site.ebrary.com/lib/rucke/Doc?id=10495596

No items available.

© 2026 Rongo University
Contact us: librarian | system librarian | Rongo university